|
|
|
|
| LEADER |
00902nam a22002297a 4500 |
| 001 |
41145 |
| 003 |
BD-DhAAL |
| 008 |
230430t2021 bg a|||| |||| 00| 0 eng d |
| 020 |
|
|
|a 9789849572008
|
| 040 |
|
|
|a BD-DhAAL
|c BD-DhAAL
|
| 082 |
|
|
|a 914
|2 23
|
| 100 |
|
|
|a Chatterjee, Jharna
|9 54065
|
| 245 |
|
|
|a A sprinkling of Europe /
|c Jharna Chatterjee.
|
| 260 |
|
|
|a Dhaka :
|b Palok,
|c 2021.
|
| 300 |
|
|
|a 134 pages :
|b color illustrations ;
|c 22 cm.
|
| 541 |
|
|
|a Complimentary copy from Dr. Jharna Chatterjee
|e 41145
|
| 650 |
|
|
|a Travelers
|z Europe.
|9 54096
|
| 651 |
|
|
|a Europe
|x Description and travel.
|9 54097
|
| 852 |
|
|
|a Ayesha Abed Library
|c General Stacks
|
| 942 |
|
|
|2 ddc
|c BK
|
| 999 |
|
|
|c 45689
|d 45689
|
| 952 |
|
|
|0 0
|1 0
|2 ddc
|4 0
|6 914_000000000000000_CHA
|7 0
|9 73572
|a BRACUL
|b BRACUL
|c GEN
|d 2023-04-30
|e Complimentary copy from Dr. Jharna Chatterjee
|g 300.00
|l 1
|m 17
|o 914 CHA
|p 3010041145
|r 2024-03-11
|s 2023-10-07
|t 1
|w 2023-04-30
|y BK
|